000 00311nam a2200121Ia 4500
008 220214s9999 xx 000 0 und d
100 _aRamakrishanan TS
245 0 _aNotes on some fungi from South India-1
260 _bIndian Phytopathology
_c1952
300 _a110-115
700 _aSundaram NV
942 _cRE
999 _c45997
_d45997